| 000 | 00395cam a2200145ua 4500 | ||
|---|---|---|---|
| 041 |
_aeng _h |
||
| 082 |
_a828.09 _bQUI/PO |
||
| 100 | _aQuiller, Couch arther . | ||
| 245 |
_aPoet as citizen and other pipers / _cCouch arther quiller. _hTextual Documents |
||
| 260 |
_aCambridge : _bCambridge University Press , _c1934. |
||
| 300 | _a230 ; . | ||
| 504 | _a | ||
| 942 | _cBK | ||
| 999 |
_c3498 _d3498 |
||